| 000 | 01010cam a2200289 a 4500 | ||
|---|---|---|---|
| 999 |
_c5867 _d5867 |
||
| 001 | 12438353 | ||
| 003 | OSt | ||
| 005 | 20200128165348.0 | ||
| 008 | 010611s2002 enka b 001 0 eng | ||
| 010 | _a 2001041184 | ||
| 020 | _a 978-0273651123 | ||
| 020 | _a027365117X (text only) | ||
| 040 |
_aDLC _cDLC _dDLC |
||
| 082 | 0 | 0 |
_a338.5 JOH 2002 _221 |
| 100 | 1 |
_aJohnson, Gerry; Scholes, Kevan _912222 |
|
| 245 | 1 | 0 |
_aExploring Corporate Strategy: _btext & cases |
| 250 | _a6th ed. | ||
| 260 |
_aHarlow, England; _bFinancial Times Prentice Hall, _c2002. |
||
| 300 |
_axxxvii, 1082 p. : _bcol.ill; _c25 cm. |
||
| 504 | _aIncludes bibliographical references and indexes. | ||
| 650 | 0 |
_aStrategic planning. _912224 |
|
| 650 | 0 |
_aCorporate management _913121 |
|
| 856 | 4 | 1 |
_3Table of contents _uhttp://www.loc.gov/catdir/toc/fy034/2001041184.html |
| 906 |
_a7 _bcbc _corignew _d1 _eocip _f20 _gy-gencatlg |
||
| 942 |
_2ddc _cO_SHELF |
||